Contes pour un autre oeil
محفوظ في:
| المؤلف الرئيسي: | |
|---|---|
| التنسيق: | كتاب |
| اللغة: | Undetermined |
| منشور في: |
Quebec, Canadá
Le Préambule
1984
|
| الطبعة: | 2 |
| الموضوعات: | |
| الوسوم: |
إضافة وسم
لا توجد وسوم, كن أول من يضع وسما على هذه التسجيلة!
|
MARC
| LEADER | 00000nam a2200000Ia 4500 | ||
|---|---|---|---|
| 008 | 170316s9999 xx 000 0 und d | ||
| 040 | |a cru BVZT | ||
| 090 | |a 840 N-4c | ||
| 100 | |a Noel, Bernard | ||
| 245 | |a Contes pour un autre oeil | ||
| 250 | |a 2 | ||
| 260 | |a Quebec, Canadá |b Le Préambule |c 1984 | ||
| 300 | |a 154 páginas | ||
| 650 | |a LITERATURA FRANCESA | ||
| 999 | |c 7869 |d 7869 | ||
| 942 | |c 15 D |h 840 N-4c |2 z | ||
